| 000 | 01566nam a2200241Ia 4500 | ||
|---|---|---|---|
| 003 | Ost | ||
| 005 | 20260507075220.0 | ||
| 008 | 260507s9999||||xx |||||||||||||| ||und|| | ||
| 020 | _a3570119957 | ||
| 040 | _cfsecg | ||
| 041 | _aara | ||
| 082 | _a330 | ||
| 100 |
_aالطائي، محمد عبد حسين _eمؤلف |
||
| 245 | 0 |
_aالتجارة الالكترونية : _bالمستقبل الواعد للاجيال القادمة / _c محمد عبد حسين الطائي |
|
| 260 |
_aعمان: _bدار الثقافة, _c2010 |
||
| 300 |
_a511 صفحة؛ _bإيضاحات ؛ _c24 سم |
||
| 504 | _aمراجع ص.505 (اقتناءات 2014 3ن) | ||
| 520 | _aالتجارة الالكترونية : ماهيتها ، نماذجها ، خصائصها ، أهميتها ، محدداتها ، البنية التحتية للتجارة الالكترونية و بناء موقع الويب ، تطبيقات التجارة الالكترونية : البنوك الالكترونية ، الحجز الالكتروني ، البحث عن الوظائف الكترونيا ، التعليم الالكتروني ، الاعلانات الالكترونية ، النشر الالكتروني ، المزادات الالكتروني ، الحكومة الالكترونية ، السياحة الالكترونية ، التسوق الالكتروني ، سلسلة التزويد الالكترونية . | ||
| 653 | _aالتجارة | ||
| 653 | _aالتجارة الدولية | ||
| 653 | _aالتجارة- الإلكترونية | ||
| 942 | _cكتاب | ||
| 999 |
_c43516 _d43516 |
||